|
|
|
|
| LEADER |
01567nam a2200277 a 4500 |
| 001 |
00023097 |
| 008 |
110621s2010 bg a b 000 0 eng d |
| 020 |
|
|
|a 984809024X
|
| 040 |
|
|
|a BD-DhAAL
|c BD-DhAAL
|
| 082 |
0 |
0 |
|a 555.492
|2 22
|
| 100 |
1 |
|
|a Khan, Aftab Alam.
|
| 245 |
1 |
0 |
|a Earthquake, tsunami and geology of Bangladesh /
|c Aftab Alam Khan.
|
| 260 |
|
|
|a Dhaka :
|b The University Grants Commission,
|c 2010
|
| 300 |
|
|
|a xvi, 331 p. :
|b ill. ;
|c 25 cm.
|
| 490 |
0 |
|
|a UGC publication ;
|v no. 127
|
| 500 |
|
|
|a "This book is written focusing on the various aspects of geology, tectonics, geodynamics and seismology of the Bengal basin of Bangladesh"--P. xii.
|
| 504 |
|
|
|a Includes bibliographical references (p. 319-331).
|
| 541 |
1 |
|
|e 00023097
|
| 650 |
|
0 |
|a Geology
|z Bangladesh
|
| 650 |
|
0 |
|a Earthquake
|z Bangladesh.
|
| 650 |
|
0 |
|a Tsunami
|z Bangladesh.
|
| 852 |
4 |
|
|a Ayesha Abed Library
|j General shelf
|
| 999 |
|
|
|c 10987
|d 10987
|
| 952 |
|
|
|0 0
|1 0
|2 ddc
|4 0
|6 555_492000000000000_KHA
|7 0
|9 17246
|a BRACUL
|b BRACUL
|c GEN
|d 2011-06-21
|e University Grants Commission of Bangladesh
|g 200.00
|l 0
|o 555.492 KHA
|p 3010023097
|r 2011-06-21
|t 1
|w 2011-06-21
|y BK
|x Available
|
| 952 |
|
|
|0 0
|1 0
|2 ddc
|4 0
|6 555_492000000000000_KHA
|7 0
|9 17247
|a BRACUL
|b BRACUL
|c GEN
|d 2011-06-21
|e University Grants Commission of Bangladesh
|g 200.00
|l 0
|o 555.492 KHA
|p 3010023098
|r 2011-06-21
|t 2
|w 2011-06-21
|y BK
|x Available
|
| 952 |
|
|
|0 0
|1 0
|2 ddc
|4 0
|6 555_492000000000000_KHA
|7 0
|9 17248
|a BRACUL
|b BRACUL
|c GEN
|d 2011-06-21
|e University Grants Commission of Bangladesh
|g 200.00
|l 0
|o 555.492 KHA
|p 3010023099
|r 2011-06-21
|t 3
|w 2011-06-21
|y BK
|x Available
|